| 000 | 00815nam a2200217 i 4500 | ||
|---|---|---|---|
| 001 | 26925 | ||
| 003 | ES-MaACL | ||
| 005 | 20250826063130.0 | ||
| 007 | t| | ||
| 008 | 030113s1877 sp ||||1| spa d | ||
| 100 | 1 |
_aBarbieri, Francisco A., _d1823-1894 _925463 |
|
| 245 | 1 | 3 |
_aEl Teatro Real y el Teatro de la Zarzuela / _cpor Francisco Asenjo Barbieri. |
| 260 |
_aMadrid : _b[s.n.], _c1877 ( _fImp. de José M. Ducazcal) |
||
| 300 |
_a14 p. ; _c18 cm. |
||
| 595 | _aEstos tres artículos fueron publicados por primera vez en La Mañana (Madrid), los días 21 y 22 de mayo y 5 de junio de 1877. | ||
| 610 | 2 |
_aTeatro Real (Madrid) _96926 |
|
| 610 | 2 | 4 |
_aTeatro de la Zarzuela. _9143210 |
| 650 | 4 |
_aTeatro lírico español- _yS.XIX. _9143211 |
|
| 852 |
_aES-MaACL _jT-283-F-1 |
||
| 999 |
_c26925 _d26925 |
||